Diccionario literario Bompiani: de obras y personajes de todos los tiempos y de todos los países
Tallennettuna:
| Aineistotyyppi: | Kirja |
|---|---|
| Kieli: | espanja |
| Julkaistu: |
Barcelona
Hora
2006
|
| Painos: | 5a. ed |
| Aiheet: | |
| Tagit: |
Lisää tagi
Ei tageja, Lisää ensimmäinen tagi!
|
MARC
| LEADER | 00000cam a2200000 a 4500 | ||
|---|---|---|---|
| 001 | UCF0507 | ||
| 003 | CL-VaPUC | ||
| 008 | 120531e20060000SP |||||||||||||||||spa|d | ||
| 020 | |a 848595002Xo.c | ||
| 020 | |a 8485950909t.1 | ||
| 020 | |a 8485950917t.2 | ||
| 020 | |a 8485950925t.3 | ||
| 020 | |a 8485950933t.4 | ||
| 020 | |a 8485950941t.5 | ||
| 020 | |a 848595095Xt.6 | ||
| 020 | |a 8485950968t.7 | ||
| 020 | |a 8485950976t.8 | ||
| 020 | |a 8485950984t.9 | ||
| 020 | |a 8485950992t.10 | ||
| 082 | 0 | 4 | |a 803 |b DIC |2 21 |
| 245 | 1 | 0 | |a Diccionario literario Bompiani: de obras y personajes de todos los tiempos y de todos los países |
| 250 | |a 5a. ed | ||
| 300 | |a t | ||
| 942 | |c BK | ||
| 945 | |d 20120531 00:00:00 |a cmena | ||
| 260 | |a Barcelona |b Hora |c 2006 | ||
| 500 | |a t.1: A-Car | ||
| 500 | |a t.2: Cas-Dir | ||
| 500 | |a t.3: Dis-Fir | ||
| 500 | |a t.4: Fis-Jap | ||
| 500 | |a t.5: Jar-Naz | ||
| 500 | |a t.6: Ne-Poe | ||
| 500 | |a t.7: Poi-Som | ||
| 500 | |a t.8: Son-Z | ||
| 500 | |a t.9: Personajes | ||
| 500 | |a t.10: Indices | ||
| 650 | 0 | |a Literatura universal |9 420446 | |
| 650 | 0 | |a Diccionarios |9 256200 | |
| 650 | 7 | |a OBRAS LITERARIAS |2 CL-VaPUC |9 335030 | |
| 650 | 0 | |a Historia de la literatura |9 322206 | |
| 583 | |a last modification |c 20130308 07:43:35 |k Rodrigo Vera | ||
| 999 | |c 347764 |d 347762 | ||
| 952 | |0 0 |1 0 |4 0 |6 803_000000000000000_DIC_2006 |7 0 |8 F |9 449358 |a BIBHIS |b BIBHIS |d 2019-11-22 |h t.1 |i 4870522 |o 803 DIC 2006 |p 4870522 |r 2024-01-30 |w 2019-11-22 |y BK_F |k HIS | ||
| 952 | |0 0 |1 0 |4 0 |6 803_000000000000000_DIC_2006 |7 0 |8 F |9 449359 |a BIBHIS |b BIBHIS |d 2019-11-22 |h t.2 |i 4870530 |o 803 DIC 2006 |p 4870530 |r 2024-01-30 |w 2019-11-22 |y BK_F |k HIS | ||
| 952 | |0 0 |1 0 |4 0 |6 803_000000000000000_DIC_2006 |7 0 |8 F |9 449360 |a BIBHIS |b BIBHIS |d 2019-11-22 |h t.3 |i 4870549 |l 1 |o 803 DIC 2006 |p 4870549 |r 2024-01-30 |s 2022-05-09 |w 2019-11-22 |y BK_F |k HIS | ||
| 952 | |0 0 |1 0 |4 0 |6 803_000000000000000_DIC_2006 |7 0 |8 F |9 449361 |a BIBHIS |b BIBHIS |d 2019-11-22 |h t.4 |i 4870557 |l 2 |o 803 DIC 2006 |p 4870557 |r 2024-01-30 |s 2022-06-13 |w 2019-11-22 |y BK_F |k HIS | ||
| 952 | |0 0 |1 0 |4 0 |6 803_000000000000000_DIC_2006 |7 0 |8 F |9 449362 |a BIBHIS |b BIBHIS |d 2019-11-22 |h t.5 |i 4870565 |l 1 |o 803 DIC 2006 |p 4870565 |r 2024-01-30 |s 2022-05-09 |w 2019-11-22 |y BK_F |k HIS | ||
| 952 | |0 0 |1 0 |4 0 |6 803_000000000000000_DIC_2006 |7 0 |8 F |9 449363 |a BIBHIS |b BIBHIS |d 2019-11-22 |h t.6 |i 4870573 |l 1 |o 803 DIC 2006 |p 4870573 |r 2024-01-30 |s 2022-06-13 |w 2019-11-22 |y BK_F |k HIS | ||
| 952 | |0 0 |1 0 |4 0 |6 803_000000000000000_DIC_2006 |7 0 |8 F |9 449364 |a BIBHIS |b BIBHIS |d 2019-11-22 |h t.7 |i 4870581 |o 803 DIC 2006 |p 4870581 |r 2024-01-30 |w 2019-11-22 |y BK_F |k HIS | ||
| 952 | |0 0 |1 0 |4 0 |6 803_000000000000000_DIC_2006 |7 0 |8 F |9 449365 |a BIBHIS |b BIBHIS |d 2019-11-22 |h t.8 |i 487059K |o 803 DIC 2006 |p 487059K |r 2024-01-30 |w 2019-11-22 |y BK_F |k HIS | ||
| 952 | |0 0 |1 0 |4 0 |6 803_000000000000000_DIC_2006 |7 0 |8 F |9 449366 |a BIBHIS |b BIBHIS |d 2019-11-22 |h t.9 |i 4870603 |o 803 DIC 2006 |p 4870603 |r 2024-01-30 |w 2019-11-22 |y BK_F |k HIS | ||
| 952 | |0 0 |1 0 |4 0 |6 803_000000000000000_DIC_2006 |7 0 |8 F |9 449367 |a BIBHIS |b BIBHIS |d 2019-11-22 |h t.10 |i 4870611 |o 803 DIC 2006 |p 4870611 |r 2024-01-30 |w 2019-11-22 |y BK_F |k HIS | ||